| 000 | 00869nam a2200253 a 4500 | ||
|---|---|---|---|
| 001 | 000018556 | ||
| 005 | 20200929165825.0 | ||
| 008 | 100511s1985 sp a 000 j spa d | ||
| 020 | _a8420725943 | ||
| 040 |
_aDO-SdBNP _bspa _cBNPHU |
||
| 082 |
_a863.5 _bA323c |
||
| 100 | 1 |
_aAlas, Leopoldo, _d1852-1901 _940133 |
|
| 245 | 1 | 0 |
_aCuentos / _cLeopoldo Alas "Clarín" ; edición, introducción, notas, comentarios y apéndice de Antonio Ferraz Martínez. |
| 260 |
_aMadrid : _bAnaya, _c1985. |
||
| 300 |
_a151, [1] p. : _bil. ; _c19 cm. |
||
| 490 | 1 |
_aBiblioteca didáctica Anaya _v4 |
|
| 500 | _aIncluye notas al pie de las páginas | ||
| 650 | 4 |
_aCuentos españoles _93194 |
|
| 650 | 4 |
_aLiteratura española _ySIGLO XX _93326 |
|
| 700 | 1 |
_aFerraz Martínez, Antonio, _eed. _940134 |
|
| 830 | 0 |
_aBiblioteca didáctica Anaya ; _v4 _98965 |
|
| 910 | _aWM | ||
| 049 | _aBNGR | ||
| 999 |
_c18076 _d18076 |
||